AAKASH NEELA KYOM HAE (Record no. 4541)
[ view plain ]
| 000 -LEADER | |
|---|---|
| fixed length control field | 00229nam a22001097a 4500 |
| 082 ## - DEWEY DECIMAL CLASSIFICATION NUMBER | |
| Classification number | 494 |
| Item number | RAM/A |
| 100 ## - MAIN ENTRY--AUTHOR NAME | |
| Personal name | RAMAN, C. V |
| 245 ## - TITLE STATEMENT | |
| Title | AAKASH NEELA KYOM HAE |
| 260 ## - PUBLICATION, DISTRIBUTION, ETC. (IMPRINT) | |
| Place of publication | CHENNAI |
| Name of publisher | TULIKA |
| 650 ## - SUBJECT ADDED ENTRY--TOPICAL TERM | |
| Topical Term | STORY |
| Geographic subdivision | CHENNAI |
| 942 ## - ADDED ENTRY ELEMENTS (KOHA) | |
| Koha item type | Books |
| Withdrawn status | Lost status | Home library | Current library | Shelving location | Date acquired | Full call number | Accession Number | Koha item type | Collection code | Source of acquisition | Cost, normal purchase price |
|---|---|---|---|---|---|---|---|---|---|---|---|
| Main Library | Main Library | SHELF-16F- HINDI FICTIONS,SHORT STORIES | 11/12/2019 | 494 RAM/A | 12241 | Books | |||||
| Main Library | Main Library | SHELF-16F- HINDI FICTIONS,SHORT STORIES | 21/10/2018 | 494 RAM/A | 10345 | Books | Fiction | PURCHASE | 150.00 | ||
| Main Library | Main Library | SHELF-16F- HINDI FICTIONS,SHORT STORIES | 11/12/2019 | 494 RAM/A | 12242 | Books | Fiction | PURCHASE | 150.00 |